VIRTUE OF SELFISHNESS (Record no. 2356)

MARC details
000 -LEADER
fixed length control field 00309nam a2200133Ia 4500
008 - FIXED-LENGTH DATA ELEMENTS--GENERAL INFORMATION
fixed length control field 240624s9999 xx 000 0 und d
041 ## - LANGUAGE CODE
Language code of text/sound track or separate title eng
082 ## - DEWEY DECIMAL CLASSIFICATION NUMBER
Classification number 823 RAN
100 ## - MAIN ENTRY--PERSONAL NAME
Personal name RAND AYN
245 ## - TITLE STATEMENT
Title VIRTUE OF SELFISHNESS
260 ## - PUBLICATION, DISTRIBUTION, ETC.
Date of publication, distribution, etc. 1964
Place of publication, distribution, etc. New York
Name of publisher, distributor, etc. Signet
300 ## - PHYSICAL DESCRIPTION
Extent xii, : 173 : cm. ; 18
365 ## - TRADE PRICE
Currency code RS
Holdings
Withdrawn status Lost status Damaged status Not for loan Home library Current library Shelving location Date acquired Source of acquisition Cost, normal purchase price Total Holds Full call number Barcode Date last seen Copy number Price effective from Koha item type
  Missing     IMTN IMTN Rack 38-B 03/30/2005 WBD 241.50 1076 823 RAN 2356 06/24/2024 1 06/24/2024 Books
Designed & Maintained by: LRC IMT Nagpur Contact: lrc@imtnag.ac.in© 2024. All Rights Reserved.